000 00562nam a2200169Ia 4500
003 GCL
008 140319s9999 xx 000 0 ara d
040 _aGCL /
_cGCL
082 0 4 _a895.6
_bا ر
100 1 _aعبدالحليم البشلاوى
245 1 0 _aراشو مون: مسرحية يابانية فى فصلين /
_cعبدالحليم البشلاوى
700 1 _aاكوتاجاوا، ريونوسوكى
700 1 _aكانين, فى
700 1 _aكاتين، مايكل
300 _a145 ص
490 _aمكتبة الفنون الدرامية
_v0
999 _c47589
_d47589